The art of great training delivery : Strategies, tools, and tactics

The Art of Great Training Delivery is a complete guide for training success. Jean not only covers all the bases but provides nuggets of training wisdom that will last an entire career. An invaluable resource for new and veteran trainers!"

Guardat en:
Dades bibliogràfiques
Autor principal: Barbazette, Jean
Format: Llibre
Idioma:Undetermined
Publicat: San Francisco, CA. Pfeiffer 2006
Matèries:
Etiquetes: Afegir etiqueta
Sense etiquetes, Sigues el primer a etiquetar aquest registre!
Thư viện lưu trữ: Trung tâm Học liệu Trường Đại học Cần Thơ
LEADER 00858nam a2200217Ia 4500
001 CTU_214656
008 210402s9999 xx 000 0 und d
082 |a 331.2592 
082 |b B228 
100 |a Barbazette, Jean 
245 4 |a The art of great training delivery : 
245 0 |b Strategies, tools, and tactics 
245 0 |c Jean Barbazette 
260 |a San Francisco, CA. 
260 |b Pfeiffer 
260 |c 2006 
520 |a The Art of Great Training Delivery is a complete guide for training success. Jean not only covers all the bases but provides nuggets of training wisdom that will last an entire career. An invaluable resource for new and veteran trainers!" 
650 |a Adult learning,Training,Người lớn học tập 
650 |x Đào tạo 
904 |i QHieu 
980 |a Trung tâm Học liệu Trường Đại học Cần Thơ